Geography Multi-select #6 - Statistics

General Stats
  • This quiz has been taken 19 times
  • The average score is 51 of 90
Answer Stats
Question Tile Select % Correct
top 5 coffee exporters. Brazil Yes
95%
capital cities whose country begins with “E.” Cairo Yes
95%
top 5 coffee exporters. Colombia Yes
95%
top 5 pharmaceutical exporters in 2021. Germany Yes
95%
top 5 pharmaceutical exporters in 2021. Ireland No
95%
top five petroleum exporters in 2022. Saudi Arabia Yes
95%
top 5 oil producers in 2023. Saudi Arabia Yes
95%
top 5 gold exporters in 2018. South Africa Yes
95%
top 5 gold exporters in 2018. Australia Yes
89%
top 5 oil producers in 2023. Brazil No
89%
top 5 rare earth elements producers in 2022. China Yes
89%
capital cities whose country begins with “E.” Nouakchott No
89%
capital cities whose country begins with “E.” Quito Yes
89%
top 5 gold exporters in 2018. Singapore No
89%
capital cities whose country begins with “E.” Tehran No
89%
top 5 gold exporters in 2018. United States Yes
89%
top 5 pharmaceutical exporters in 2021. United States Yes
89%
top 5 countries with the highest degree of personal freedom in 2021. Denmark Yes
84%
top 5 gold exporters in 2018. Hong Kong No
84%
top 5 pharmaceutical exporters in 2021. Italy No
84%
top 5 most educated countries according to 2018 data from the Organization for Economic Cooperation and Development. Japan Yes
84%
top 5 countries with the highest degree of personal freedom in 2021. New Zealand Yes
84%
capital cities whose country begins with “E.” Riga No
84%
capital cities whose country begins with “E.” San Salvador Yes
84%
top 5 most educated countries according to 2018 data from the Organization for Economic Cooperation and Development. South Korea Yes
84%
top 5 oil producers in 2023. United States Yes
84%
top 5 pharmaceutical exporters in 2021. Switzerland Yes
79%
top 5 countries with the highest degree of personal freedom in 2021. Switzerland Yes
79%
capital cities whose country begins with “E.” Tbilisi No
79%
top 5 most educated countries according to 2018 data from the Organization for Economic Cooperation and Development. Australia No
74%
capital cities whose country begins with “E.” Dili Yes
74%
top 5 pharmaceutical exporters in 2021. France Yes
74%
top 5 uranium producers in 2021. Kazakhstan Yes
74%
top 5 rare earth elements producers in 2022. Madagascar No
74%
top 5 uranium producers in 2021. Niger No
74%
top 5 most educated countries according to 2018 data from the Organization for Economic Cooperation and Development. United States No
74%
top 5 oil producers in 2023. Russia Yes
68%
top 5 gold exporters in 2018. United Arab Emirates No
68%
top 5 countries with the highest degree of personal freedom in 2021. United States No
68%
top 5 rare earth elements producers in 2022. Vietnam No
68%
top 5 rare earth elements producers in 2022. Australia Yes
63%
capital cities whose country begins with “E.” Malabo Yes
63%
top 5 uranium producers in 2021. Australia Yes
58%
top 5 uranium producers in 2021. India No
58%
top 5 oil producers in 2023. Kuwait No
58%
top 5 pharmaceutical exporters in 2021. Netherlands No
58%
top five petroleum exporters in 2022. Russia Yes
58%
top 5 coffee exporters. Uganda No
58%
top five petroleum exporters in 2022. United States Yes
58%
top 5 rare earth elements producers in 2022. United States Yes
58%
top 5 most educated countries according to 2018 data from the Organization for Economic Cooperation and Development. Canada Yes
53%
top 5 coffee exporters. India No
53%
top 5 countries with the highest degree of personal freedom in 2021. Australia No
47%
top 5 coffee exporters. Indonesia Yes
47%
top 5 oil producers in 2023. Iraq Yes
47%
top five petroleum exporters in 2022. Nigeria No
47%
top 5 uranium producers in 2021. Uzbekistan Yes
47%
top 5 oil producers in 2023. Iran No
42%
top 5 coffee exporters. Mexico No
42%
top 5 uranium producers in 2021. Namibia Yes
42%
top 5 gold exporters in 2018. Switzerland Yes
42%
top five petroleum exporters in 2022. United Arab Emirates No
42%
top 5 most educated countries according to 2018 data from the Organization for Economic Cooperation and Development. Israel Yes
37%
top five petroleum exporters in 2022. Norway No
37%
top 5 uranium producers in 2021. Canada Yes
32%
top 5 coffee exporters. Ethiopia No
32%
top five petroleum exporters in 2022. Kuwait No
32%
top 5 rare earth elements producers in 2022. Myanmar Yes
32%
top 5 rare earth elements producers in 2022. Thailand Yes
32%
top 5 oil producers in 2023. United Arab Emirates No
32%
top five petroleum exporters in 2022. Canada Yes
26%
top 5 countries with the highest degree of personal freedom in 2021. Canada No
26%
top 5 coffee exporters. Honduras Yes
26%
top five petroleum exporters in 2022. Iraq Yes
26%
top 5 most educated countries according to 2018 data from the Organization for Economic Cooperation and Development. United Kingdom Yes
26%
top 5 pharmaceutical exporters in 2021. Belgium Yes
21%
top 5 oil producers in 2023. China Yes
21%
top 5 uranium producers in 2021. China No
21%
top 5 rare earth elements producers in 2022. Russia No
21%
top 5 pharmaceutical exporters in 2021. United Kingdom No
21%
top 5 coffee exporters. Vietnam Yes
21%
top 5 gold exporters in 2018. Canada No
16%
top 5 most educated countries according to 2018 data from the Organization for Economic Cooperation and Development. Finland No
16%
top 5 countries with the highest degree of personal freedom in 2021. Finland No
16%
top 5 gold exporters in 2018. United Kingdom Yes
16%
top 5 rare earth elements producers in 2022. India No
11%
top 5 countries with the highest degree of personal freedom in 2021. Ireland Yes
11%
top 5 most educated countries according to 2018 data from the Organization for Economic Cooperation and Development. Norway No
11%
top 5 countries with the highest degree of personal freedom in 2021. Estonia Yes
5%
top 5 uranium producers in 2021. Russia No
5%
No matching quizzes found
Score Distribution
Percent of People with Each Score
Percentile by Number Answered
Your Score History
You have not taken this quiz